000 00510nam a22001817a 4500
003 NUST - PNEC
005 20170116180804.0
008 150421b xxu||||| |||| 00| 0 eng d
020 _a-
040 _cLIBRARY
082 _a440.5 QUR
100 _92809
_aQureshi, M. L.
245 _aPlanning and development in Pakistan : review and alternatives, 1947-1982
_cM. L. Qureshi
260 _aLahore
_bVanguard Books
_cc1984.
300 _a428p. :
650 _92812
_aSocial policy
_xGeneral
942 _2ddc
_cBK
999 _c63108
_d63108